1061 1579 1115 1462 1521 1256 1894 1230 1433 1106 1758 1210 1951 1922 1733 1353 1270 1889 1813 1699 1607 1093 1101 1630 1730 1283 1909 1571 1922 1131 1870 1449 1417 1527 1688 1563 1181 1796 1981 1816 1162 1198 1592 1929 1261 1168 1545 1272 1955 1191 1024 1937 1411 1487 1157 1101 1402 1390 1068 1508 1379 1461 1293 1886 1532 1891 1832 1762 1559 1633 1552 1036 1034 1950 1745 1434 1134 1047 1629 1676 1010 1717 1393 1083 1729 1669 1452 1235 1131 1591 1643 1000 1920 1204 1982 1708 1445 1834 1905 BCNSPRNW ULIB Ver.6.0+V

เปลี่ยนเป็นภาษาไทย

Change to English
 แสดงรายละเอียดบรรณานุกรม
  กลับหน้าหลัก

Brief Record : Get Marc (ISO 2709) : E-mail record : QR code < ปิดหน้าต่าง
LEADER : 00000nam 2200000uu 4500
001    13399122463
003     ULIB
008    120402s2554||||th 000 0 tha d
020    ^a9786169077114
090    ^aนว.^bก791ท
100 0  ^aแก้วชวาลา
245 00 ^aเทพบุตรซาตาน/^cแก้วชวาลา
250    ^aพิมพ์ครั้งที่ 1
260    ^aกรุงเทพฯ :^bแก้วชวาลา,^c2554
300    ^a392 หน้า
945    ^p279^l0^i19952
995    ^aทศพร
999    ^aใช้งานได้ทุกระบบ
รายการนี้ยังไม่มีแท็ก
คุณยังไม่ได้ล็อกอิน คุณสามารถมีกิจกรรมร่วมกับเว็บไซต์ได้ แต่ต้องล็อกอินก่อน ::
  ล็อกอิน

รายการสื่อสารสนเทศ

ลำดับที่ ประเภท เลขเรียก/บาร์โค้ด สถานที่ สถานะ
1. นวนิยาย
นวนิยาย
นว. ก791ท ฉ.1 
  Barcode: 19952
ห้องสมุดวิทยาเขตสวรรค์ประชารักษ์
►นวนิยาย
บนชั้น
  ขอยืม

รายการใกล้เคียง
    ผู้แต่ง [แก้วชวาลา]

BibComment


ยังไม่เคยถูกคอมเมนท์

คอมเมนท์ทรัพยากรรายการนี้
  คอมเมนท์: เทพบุตรซาตาน แก้..


 Copyright 2026. Bcnsprnw @Library